000 00703nam a2200265Ia 4500
001 4237
005 20240113233722.0
007 ta
008 050609s1987 g b000 u asm u
020 _cRs. 25.00 (HB)
040 _aCotton College,Assam
041 _aasm
082 _a891.41109
_bBa 23 Ka
100 _aBarua, Navakanta .
245 0 _aKabitar Deha Bichar /
_cNavakanta Barua.
_hTextual Documents
250 _a1st ed. /
260 _aGuwahati :
_bStudents Stores ,
_c1987.
300 _a140p. ;
_c22cm.
365 _aRs. 25.00
653 _aAssamese Poetry-Criticism
653 _aPG-Assamese
942 _2ddc
_cBK
999 _c4224
_d4224